| 000 | 00423nam a22001697a 4500 | ||
|---|---|---|---|
| 003 | MPLRDC | ||
| 005 | 20220104143709.0 | ||
| 008 | 210129b ||||| |||| 00| 0 eng d | ||
| 082 | _a857.9 GL-145 v.2 | ||
| 100 | _a古龙 | ||
| 245 |
_a玫瑰女侠. 第二集 _c |
||
| 260 |
_a _b澳门武艺出版社 _c |
||
| 300 | _b平 | ||
| 490 | _a武侠长篇奇情小说 | ||
| 650 | _a武侠小说 | ||
| 942 |
_cBK _o857.9 GL-145 v.2 |
||
| 999 |
_c42443 _d42433 |
||